All Florida Georgia Line Songs - Statistics

General Stats
  • This quiz has been taken 98 times
    95 since last reset
  • The average score is 21 of 86
Answer Stats
Album Song % Correct
It'z Just What We Do Cruise
88%
Florida Georgia Line Simple
71%
Here's to the Good Times This Is How We Roll
68%
Anything Goes Anything Goes
66%
Here's to the Good Times Stay
63%
Anything Goes Dirt
59%
Dig Your Roots H.O.L.Y.
59%
Here's to the Good Times Round Here
59%
Dig Your Roots Dig Your Roots
54%
Here's to the Good Times Here's to the Good Times
54%
Anything Goes Sun Daze
54%
Anything Goes Confession
49%
Dig Your Roots May We All
49%
Dig Your Roots God, Your Mama, and Me
46%
It'z Just What We Do It'z Just What We Do
46%
Can't Say I Ain't Country Can't Say I Ain't Country
41%
It'z Just What We Do Get Your Shine On
41%
Anything Goes Sippin' on Fire
39%
Here's to the Good Times Party People
37%
Florida Georgia Line Colorado
34%
6-Pack I Love My Country
34%
Can't Say I Ain't Country Can't Hide Red
32%
Dig Your Roots Lifer
32%
Anything Goes Smoke
32%
Single Long Live
29%
Florida Georgia Line Talk You Out of It
29%
6-Pack Beer:30
27%
Dig Your Roots Grow Old
27%
Dig Your Roots Smooth
27%
It'z Just What We Do Tell Me How You Like It
27%
Anything Goes Angel
24%
Can't Say I Ain't Country Blessings
24%
Here's to the Good Times Hell Raisin' Heat of the Summer
24%
Dig Your Roots Life Is a Honeymoon
24%
Single #2 Life Rolls On
24%
Anything Goes Bumpin' the Night
22%
Here's to the Good Times Headphones
22%
Dig Your Roots Island
22%
Anything Goes Like You Ain't Even Gone
22%
Dig Your Roots Music Is Healing
22%
Dig Your Roots Good Girl, Bad Boy
20%
Anything Goes Smile
20%
Can't Say I Ain't Country Y'all Boys
20%
Here's to the Good Times Dayum, Baby
17%
Anything Goes Every Night
17%
Dig Your Roots Heatwave
17%
Can't Say I Ain't Country Small Town
17%
Can't Say I Ain't Country Swerve
17%
Here's to the Good Times Take It Out on Me
17%
It'z Just What We Do Tip It Back
17%
Dig Your Roots While He's Still Around
17%
Dig Your Roots Wish You Were On It
17%
6-Pack Countryside
15%
6-Pack Second Guessing
15%
Dig Your Roots Summerland
15%
Can't Say I Ain't Country Told You
15%
6-Pack U.S. Stronger
15%
Can't Say I Ain't Country Women
15%
6-Pack Ain't Worried Bout It
12%
Anything Goes "Good Good"
12%
Alabama & Friends I'm in a Hurry (And Don't Know Why)
12%
Can't Say I Ain't Country People Are Different
12%
Here's to the Good Times Cruise (Remix)
10%
Can't Say I Ain't Country Like You Never Had It
10%
Here's to the Good Times People Back Home
10%
Can't Say I Ain't Country Sack'a Puppies (Skit)
10%
Florida Georgia Line Sittin' Pretty
10%
Can't Say I Ain't Country All Gas No Brakes (Skit)
7%
Anything Like Me Black Tears
7%
Can't Say I Ain't Country Catfish Nuggets (Skit)
7%
Here's to the Good Times Country in My Soul
7%
iTunes Session Friends in Low Places
7%
Here's to the Good Times Hands on You
7%
Nashville Outlaws: A Tribute to Mötley Crüe If I Die Tomorrow
7%
Can't Say I Ain't Country Speed of Love
7%
Anything Like Me Backwoods Beauty Queen
5%
Anything Goes Girl on the Radio
5%
Anything Like Me Man I Am Today
5%
Anything Like Me Never Let Her Go
5%
Anything Goes Dance for Me
2%
Anything Like Me Now That She's Gone
2%
Endless Summer Summer Jam
2%
Anything Goes That's What's Up
2%
Here's to the Good Times What Are You Drinking About
2%
Anything Like Me You're Country
2%
Can't Say I Ain't Country Tyler Got Him a Tesla (Skit)
0%
No matching quizzes found
Score Distribution
Percent of People with Each Score
Percentile by Number Answered
Your Score History
You have not taken this quiz since the last reset